000 00348nam a22001457a 4500
003 OSt
008 200715b ||||| |||| 00| 0 eng d
100 _aPANDEY, Meenu
245 _aPractical Book of Communication Skills
250 _a2019
260 _aNew Delhi
_bNirali
300 _aPg-10.12
650 _aCommunication Skills
942 _2ddc
_cBK
999 _c9004
_d9004